000 00339nam a2200121Ia 4500
008 240731s9999 xx 000 0 und d
022 _a1743-291X
245 0 _aProgress in Palliative Care : Science and the Art of Caring
260 _bTaylor & Francis
856 _uhttps://www.tandfonline.com/loi/yppc20
942 _2ddc
942 _cTFEJ
999 _c79046
_d79046
945 _a1
_bMadushi Gamage
_c1
_dMadushi Gamage